Quizzes
Events
Quiz Creation
Community
Videos
Private Events
Remove Ads
Sign In
Join for FREE
Feedback
Dark Mode
Quiz Categories
Sports
Geography
Music
Movies
Television
Just For Fun
Miscellaneous
History
Literature
Language
Science
Gaming
Entertainment
Religion
Holiday
For Kids
Quiz Lab
Recent
Popular Today
Quiz Kudos Today
Editor Picks
Curator Picks
Quizzes by...
Day
Popularity
Type
Ratings
Length
Year
Community
Subscriptions
Recent Discussions
Orange Saloon
Badges
Playlists
Quests
Create
Leaderboards
Showdown
Live 5
Trivia Bingo
Activity
Puzzle Library
Sporcle Events
Private Events
Virtual Trivia
Globe League
Become a Host
Pub Owners
SporcleCon
Opinionation
Our Games
Videos
Blog
Mobile Apps
Partnerships
Remove Ads and Go Orange
Feedback
Sports
Athletes
MLB
NBA
NHL
NFL
Soccer
Sports Teams
WWE
NCAA
Football
Premier League
Basketball
Baseball
Hockey
Golf
Tennis
Cricket
Rugby
Auto Racing
Olympics
World Cup
Sports
Athletes
MLB
NBA
NHL
NFL
Soccer
Sports Teams
WWE
NCAA
Football
Premier League
Basketball
Baseball
Hockey
Golf
Tennis
Cricket
Rugby
Auto Racing
Olympics
World Cup
Random Quiz
Search Sporcle
×
Quiz Lab
Quiz Lab
Sports
Letter
Type in answers that appear in a list
Type in answers that appear in a list
Classic
Best Score? Go Orange.
Giants players by given letters (last name only)) Stats
Can you name the Giants players by given letters?
By
kopobuster
8m
31 Questions
19 Plays
19 Plays
19 Plays
Comments
Comments
Give Quiz Kudos
Give Quiz Kudos
-
- Ratings
hide this ad
Forced Order
Answers have to be entered in order
Answers have to be entered in order
Random Order
Randomize order of answers
Randomize order of answers
Replay
Link that replays current quiz
Next Quiz
Link to next quiz in quiz playlist
You Got
0%
They Got
Avg Score
45%
Avg Friend Score
Upgrade to see
Score Distribution
Jump to the score distribution portion of the page
Score
0/31
Timer
08:00
0
Plays Today
Partial last name
Last name
% Correct
H_
f_
Huff
78.9%
T_
j_
_
_
Tejada
73.7%
_
_
_
cec_
_
Lincecum
68.4%
_
_
_
_
h_
z
Sanchez
68.4%
Z_
_
_
Zito
68.4%
_
_
_
_
y
Posey
68.4%
_
_
_
d_
v_
_
Sandoval
57.9%
S_
_
_
_
_
_
_
_
_
z
Schierholtz
57.9%
_
_
ss
Ross
57.9%
_
_
p_
z
Lopez
57.9%
C_
_
_
Cain
57.9%
_
_
mg_
_
_
_
_
Bumgarner
57.9%
_
_
_
_
_
ll
Burrell
57.9%
_
_
_
_
wf_
_
_
Crawford
47.4%
Be_
_
Belt
47.4%
_
_
rr_
_
Torres
42.1%
Partial last name
Last name
% Correct
_
ff_
_
_
_
Affeldt
42.1%
_
_
ls_
_
Wilson
42.1%
F_
_
t_
_
_
_
Fontenot
42.1%
F_
r_
Ford
36.8%
_
_
r_
_
ss
Burriss
36.8%
_
o_
o
Romo
36.8%
_
_
wa_
_
Rowand
31.6%
Mo_
_
Mota
31.6%
_
_
_
_
es_
_
_
Whiteside
26.3%
D_
R_
_
_
DeRosa
26.3%
St_
_
_
_
_
Stewart
26.3%
_
_
mi_
_
_
Ramirez
26.3%
_
_
_
_
ll_
Casilla
21.1%
_
_
g_
_
_
_
_
g
Vogelsong
15.8%
G_
l_
_
_
_
_
_
Gillaspie
10.5%
Quiz Playlist
Details
Report
Send in Message
Add To Playlist
Classic:
Type in answers that appear in a list
Forced Order:
Answers have to be entered in order
Random Order:
Randomize order of answers
Last Updated: Feb 16, 2017
Quiz Scoreboard
CHALLENGE
Sign Up to Join the Scoreboard
Show All
Scores
Hide
Comments
May contain spoilers
Recently Published
An Introduction to Baseball
by treessimontrees
Sports
5m
Movies - When Are They Set?
by FPL_Elf
Movies
5m
Popular People in 1961
by mucciniale
History
6m
More to Explore
Quiz From the Vault
Featured Blog Post
Where Did the Easter Bunny Come From?
hide this ad
You Might Also Like...
Tags
Letter Quiz
Giant
last
partial
Player
Today's Top Quizzes in Sports
Browse Sports
hide this ad
Today's Top Quizzes in Letter
Browse Letter
Top Contributed Quizzes in Sports
1
Les meilleurs buteurs des matchs entre le PSG et l’OM
2
2022 World Cup Stars
3
FIFA Club World Cup Champions
4
Les entraîneurs de l'OM et du PSG au 21e siècle
5
Name the Premier League winners with different clubs
6
La finale Lions - Afrique du Sud 2021
7
Criteria MLB: Left Handed Sluggers
8
Les joueurs passés par le LOSC et le RC Lens
9
Players with Multiple 50 Home Run Seasons
10
MLB Players with Two .350 Batting Average Seasons
Explore More
Trending Topics
Crossword
Disney
Marvel
Harry Potter
Kpop
Anime
NBA
NFL
Puzzle
Song
Soccer
WWE
The Office
Pokémon
Country
hide this ad
More By:
kopobuster
Quiz
Plays
Rating
Category
Featured
Created
4-letter Word Ladder
182
1.50
Just For Fun
Mar 20, 2011
Somewhat famous firsts and lasts
118
5.00
Just For Fun
Sep 24, 2011
The super awesome cooler than any other quiz
94
2.67
Just For Fun
Mar 22, 2011
Mixed up Company Names
89
3.00
Miscellaneous
Jun 10, 2011
Wars of the World
69
1.80
History
Nov 17, 2011
Go to Creator's Profile
Score Distribution
Quiz Creator Spotlight
kopobuster
Follow
Send a Message
Quizzes Created
-
Created Quiz Play Count
-
More By This Creator
Popular Quizzes Today
1
Find the Countries of Europe - No Outlines Minefield
2
Find the US States - No Outlines Minefield
3
The Countries of the World
4
Popular People in 1961
5
US States
6
1-10 Letter E Words III
7
Find the US States
8
One Thing in Common: World Cities II
More Sports Quizzes
Wrong Colors: NFL Logos
Editor's Pick
Trending Quizzes
Risky Map Clicking: Least Populous States A-Z
1-10 Letter F Words
1-10 Letter G Words
One Thing in Common: United Kingdom
Risky Map Clicking: Next State Alphabetically
Recently Updated
Leaping Animals
pecheneg
Reality TV Shows (A-Z)
bhenderson79
Rickey Henderson's Hall of Fame Teammates
pecheneg
Champions League XIs: Arsenal
pecheneg
Quick Pick: Celebrities in WWE's Hall of Fame
aduchscher
A-Z Keypad Blitz II
pecheneg
Multiple Oscar Actors
pecheneg
Mystery Phrase Blitz: Oscar 'Best Actors'
pecheneg
F. Scott Fitzgerald Novels
LTH
Pick 3 Villains
ddd62291
Trending Topics
Crossword
Disney
Anime
NBA
Harry Potter
Kpop
Marvel
Puzzle
Country
WWE
Soccer
NFL
The Office
Pokémon
Song
Your Account Isn't Verified!
In order to create a playlist on Sporcle, you need to verify the email address you used during registration. Go to your
Sporcle Settings
to finish the process.
Report this User
Report this user for behavior that violates our
Community Guidelines
.
Details:
Send Report
Go to the Sporcle.com Mobile Site →
Comments